What a carve up! /

Gespeichert in:
Bibliographische Detailangaben
1. Verfasser: Coe, Jonathan
Format: Buch
Sprache:Englisch
Veröffentlicht: London [et al.] : Penguin, 2008
Tags: Tag hinzufügen
Keine Tags, Fügen Sie das erste Tag hinzu!

MARC

LEADER 00000nam a22000007i 4500
001 IT\ICCU\UBO\3824145
003 ItRI
005 20251008165843.0
008 101104s2008 xxk|||||| ||||| |||||c
020 |a 9780141033297 
024 3 1 |a 9780141033297 
040 |b ita  |c ct 
041 7 |a eng  |2 ISO-639-2 
100 1 |a Coe, Jonathan  |0 IT\ICCU\LO1V\132782 
240 1 0 |a What a carve up  |9 Coe, Jonathan 
245 1 0 |a What a carve up! /  |c Jonathan Coe. 
260 |a London [et al.] :  |b Penguin,  |c 2008 
300 |a 500 p. ;  |c 20 cm. 
942 |2 ddc  |c BK 
952 |0 0  |1 0  |2 ddc  |4 0  |6 B_LNR02COEJOWHA11  |7 0  |9 7674  |a MI  |b MI  |d 2012-03-05  |i 6160  |l 0  |o B-LNR02-COEJO-WHA11  |p CDOM6160  |r 2025-07-13 16:28:00  |w 2025-07-13  |x DONO  |y BK 
981 1 |6 z01  |a i   |b xxxe  
982 1 |6 z01  |a n 
999 |c 6354  |d 6354